00634nam a2200169 a 450000100100000000500170001000800410002704000250006808200160009310000330010924500770014226000760021930000290029504900090032495201140033399900170044700002884920200930055157.0110412s1937 dr c 000 0 spa d aDO-SdBNPbspacBNPHU axxxxbS232m1 aSantana y Santana, R.95583410aMis discursos en el gobierno del generalísimo /cR. Santana y Santana. aSantiago de los Caballeros, República Dominicana :bEl Diario,c1937. a50 p. :bretr. ;c18 cm. aBNPD 0010718PDaPDbPDcCTd2011-04-12iLF1l0oxxxx S232mp28849-10r2020-06-25w2020-06-25yLFPDZNo se presta c28341d28341